Online
Catalog

Obras de música para tecla, arpa y vihuela| : (Record no. 36929)

MARC details
000 -CABECERA
campo de control de longitud fija 00859nam a2200205 a 4500
001 - NÚMERO DE CONTROL
campo de control 000037439
005 - FECHA Y HORA DE LA ÚLTIMA TRANSACCIÓN
campo de control 20200930080355.0
008 - DATOS DE LONGITUD FIJA--INFORMACIÓN GENERAL
campo de control de longitud fija 120418s1996 sp g 000 0 spa d
020 ## - NÚMERO INTERNACIONAL ESTÁNDAR DEL LIBRO
Número Internacional Estándar del Libro 8400008685
040 ## - FUENTE DE LA CATALOGACIÓN
Centro catalogador/agencia de origen DO-SdBNP
Lengua de catalogación spa
Centro/agencia transcriptor BNPHU
082 ## - NÚMERO DE LA CLASIFICACIÓN DECIMAL DEWEY
Número de clasificación xxx
Número de documento/Ítem xxxx
100 1# - ENTRADA PRINCIPAL--NOMBRE DE PERSONA
Nombre de persona Cabezón, Antonio de
Fechas asociadas al nombre 1510-1566
9 (RLIN) 63885
245 10 - MENCIÓN DE TÍTULO
Título Obras de música para tecla, arpa y vihuela| :
Resto del título recopiladas y puestas en cifra por Hernando de Cabezón, su hijo /
Mención de responsabilidad, etc. primera edición de Felipe Pedrell ; nueva edición corregida por Mons. Higinio Anglés.
260 ## - PUBLICACIÓN, DISTRIBUCIÓN, ETC.
Lugar de publicación, distribución, etc. Madrid, :
Nombre del editor, distribuidor, etc. Institució Milá i Fontanals,
Fecha de publicación, distribución, etc. 1996.
300 ## - DESCRIPCIÓN FÍSICA
Extensión 3 v. :
Otras características físicas mus. ;
Dimensiones 24 cm.
500 ## - NOTA GENERAL
Nota general La biblioteca posee la segunda reimpresión
700 1# - PUNTO DE ACCESO ADICIONAL--NOMBRE DE PERSONA
Nombre de persona Pedrell, Felipe
Fechas asociadas al nombre 1841-1922
Término indicativo de función/relación ed.
9 (RLIN) 63886
700 1# - PUNTO DE ACCESO ADICIONAL--NOMBRE DE PERSONA
Nombre de persona Anglés, Higinio
Fechas asociadas al nombre 1888-1969
Término indicativo de función/relación ed.
9 (RLIN) 63887
700 1# - PUNTO DE ACCESO ADICIONAL--NOMBRE DE PERSONA
Nombre de persona Cabezón, Hernando
Fechas asociadas al nombre 1541-1602
Término indicativo de función/relación rec.
9 (RLIN) 63888
Holdings
Estado de retiro Estado de pérdida Restricciones de uso No para préstamo Código de colección Localización permanente Ubicación/localización actual Ubicación en estantería Fecha de adquisición Número de inventario Total de préstamos Signatura topográfica completa Código de barras Fecha visto por última vez Precio válido a partir de Tipo de ítem Koha
      Excluido de préstamo Monografías: Libros y Folletos General General En catalogación 18.04.2012 LF1   v. 1 37439-10 25.06.2020 25.06.2020 No se presta
      Excluido de préstamo Monografías: Libros y Folletos General General En catalogación 13.11.2013 LF1   v. 2 37439-20 25.06.2020 25.06.2020 No se presta
      Excluido de préstamo Monografías: Libros y Folletos General General En catalogación 13.11.2013 LF1   v. 3 37439-30 25.06.2020 25.06.2020 No se presta

Powered by Koha